| 000 | 00747 a2200169 4500 | ||
|---|---|---|---|
| 003 | Nust | ||
| 005 | 20170207154204.0 | ||
| 040 | _cNust | ||
| 082 | _a512 | ||
| 100 | _aAbbott, P. | ||
| 245 |
_aTeach yourself calculus _cP. Abbott |
||
| 260 |
_aLondon _bEnglish Press _c1949 |
||
| 300 | _a380 p. | ||
| 505 | _aFunctions (Page-9), Variations In Functions (Page-19), Rate Of Change Of A Function (Page-33), Some Rule For Differentiation (Page-58), Maxima And Minima Values (Page-77), Hyperbolic Functions (Page-138),Integration (Page-151), Integration Of Algebraic Fractions (Page-194), The Length Of Curves (Page-274), Solids Of Revolution (Page-281), Partial Differentiation (Page-317),. | ||
| 538 | _aAlmirah No. 124 shelf No. 2 | ||
| 650 | _aCalculus | ||
| 942 |
_2ddc _cBK |
||
| 999 |
_c194791 _d194791 |
||